AH International Schools' Libraries

(KHMER) The young brave eagle / (Record no. 49947)

MARC details
000 -LEADER
fixed length control field 00296nam a2200109 4500
020 ## - INTERNATIONAL STANDARD BOOK NUMBER
International Standard Book Number 9789924527367
100 ## - MAIN ENTRY--PERSONAL NAME
Personal name Kem, Lyheang
9 (RLIN) 87009
245 ## - TITLE STATEMENT
Title (KHMER) The young brave eagle /
Statement of responsibility, etc Lyheang Kem
260 ## - PUBLICATION, DISTRIBUTION, ETC. (IMPRINT)
Place of publication, distribution, etc Cambodia
Name of publisher, distributor, etc Under the Roof
Date of publication, distribution, etc 2023
300 ## - PHYSICAL DESCRIPTION
Extent 20 p.
Other physical details col. ill.
Dimensions 26 cm.
942 ## - ADDED ENTRY ELEMENTS (KOHA)
Source of classification or shelving scheme
Koha item type Book
Holdings
Withdrawn status Lost status Source of classification or shelving scheme Damaged status Not for loan Collection code Home library Current library Shelving location Date acquired Total Checkouts Full call number Barcode Checked out Date last seen Date checked out Price effective from Koha item type
          Siem Riep Asian Hope Siem Reap Asian Hope Siem Reap SECONDARY 12/10/2025 1 KHMER E KEM 209743 04/03/2026 04/03/2026 04/03/2026 12/10/2025 Book

For any Logos Library related questions please contact Miss Art at swongnarasuk@asianhope.org.

For any Asian Hope Library related questions please contact Miss Raza at graza@asianhope.org.

Powered by Koha